• 首页
  • 本馆介绍
  • 公告通知
  • 最新文献
  • 馆藏检索
  • 电子资源
  • 读者导购
  • 参考咨询
  • 我的图书馆
  • 登录
  • 详细信息显示
  • 放入我的书架
  • 预约/预借图书
  • 作者相关作品
  • 分类相关作品
  • 丛书相关作品
  • 出版社相关作品

书目信息

  • 表格格式
  • 工作单格式
  • 卡片格式
题名:
魅力型领导
    
 
作者: 崔华芳
分册:  
出版信息: 北京   中国时代经济出版社  2003
页数: 333
开本: 20cm
丛书名: 个性化领导丛书
单 册:
中图分类: Z1
科图分类:
主题词: 丛书
电子资源:
ISBN: 7-80169-449-X
000 00545nam0 2200205 450
001 0757995392
005 20071007160635.39
010    @a7-80169-449-X
100    @a20071007d km y0chiy0120 ea
101 0  @achi
200 1  @a魅力型领导@Amei li xing ling dao@f崔华芳@Fcui hua fang
210    @a北京@c中国时代经济出版社@d2003
215    @a333@d20cm
225 2  @a个性化领导丛书
410  0 @12001 @a个性化领导丛书
606 0  @a丛书
690    @aZ1@v3
701  0 @a崔华芳@Acui hua fang
801  0 @aCN@bPFT@c20071007
905    @a213230@dZ1@ea136@f1
    
    魅力型领导/崔华芳.-北京:中国时代经济出版社,2003
    333;20cm.-(个性化领导丛书)
    
    
    ISBN 7-80169-449-X:
    
●
相关链接 在E读中查询图书 在五车中查询图书 在当当中查询图书 在豆瓣中查询图书


正题名:魅力型领导     索取号:Z1/a136         预约/预借

序号 登录号 条形码 馆藏地/架位号 状态 备注
1 7508551   275085514   史法系资料室/ [索取号:Z1/a136] 在馆    
唐山师范学院图书馆 欢迎您!
大连网信软件有限公司© 版权所有